U.S. States and Territories in 1800 on a Map - Statistics

General Stats
  • This quiz has been taken 1,283 times
  • The average score is 17 of 20
Answers on the Map
Answers color-coded by a green-red scale on the quiz's map according to % correct below.
 
Answer Stats
State % Correct
New York
97%
Virginia
96%
Georgia
95%
South Territory
95%
New Hampshire
94%
North Carolina
94%
Pennsylvania
94%
Rhode Island
94%
Vermont
94%
Delaware
93%
Kentucky
93%
Maryland
93%
Massachusetts
93%
New Jersey
93%
South Carolina
93%
Tennessee
93%
Connecticut
91%
Mississippi Territory
56%
Indiana Territory
54%
Northwest Territory
41%
No matching quizzes found
Score Distribution
Percent of People with Each Score
Percentile by Number Answered
Your Score History
You have not taken this quiz